LEADER 00981nam0-22002891i-450 001 990005052020403321 005 20230222151556.0 035 $a000505202 035 $aFED01000505202 035 $a(Aleph)000505202FED01 100 $a19990530g19139999km-y0itay50------ba 101 0 $ager 102 $aDE 105 $ay-------001yy 200 1 $aEinfuhrung in das Studium der altfranzösischen Literatur$eim Anschluss an die Einfuhrung in das Studium der altfranzösischen Sprache$fvon Carl Voretzsch 205 $a2. Aufl. 210 $aHalle$cNiemeyer$d1913 215 $aXIX, 575 p.$d23 cm 225 1 $aSammlung kurzer Lehrbncher der romanischen Sprachen und Literaturen$v2 700 1$aVoretzsch,$bKarl$f<1867-1947>$0189325 801 0$aIT$bUNINA$gRICA$2UNIMARC 901 $aBK 912 $a990005052020403321 952 $aMB 247$bFil.Mod. 17753$fFLFBC 959 $aFLFBC 996 $aEinfuhrung in das Studium der altfranzösischen Literatur$93009545 997 $aUNINA LEADER 00869nam a2200229 i 4500 001 991002387039707536 008 070427s2002 fr 001 fre 020 $a2226062149 035 $ab13519505-39ule_inst 100 1 $aLeroi-Gourhan, André$0332488 245 10$aEvolution et techniques.$n2,$pmilieu et techniques :$b /$cAndré Leroi-Gourhan 246 30$aMilieu et techniques 260 $aParis :$bAlbin Michel,$c2002 300 $a475 p. :$bill. ;$c18 cm 440 0$aSciences d'aujourd'hui 650 04$aTecnología$xStoria 907 $a.b13519505$b02-04-14$c27-04-07 912 $a991002387039707536 945 $aLE007 600 LER 01.01$g1$i2007000118719$lle007$nLE007 2007 Minazzi$op$pE15.00$q-$rl$s- $t0$u0$v0$w0$x0$y.i14482873$z08-06-07 996 $aÉvolution et techniques$9110563 997 $aUNISALENTO 998 $ale007$b27-04-07$cm$da $e-$ffre$gfr $h0$i0